Kursus Penilaian Harta Tanah Khas : Konsensi Balak [

Bibliographic Details
Corporate Author: Institut Penilaian Negara
Format: Book
Language:Malay
Published: Kajang : Institut Penilaian Negara , 2012

MARC

LEADER 00000cam a2200000 7i4500
001 0000024598
005 20130104.0
008 130104 my v may
040 |a INS 
090 0 0 |a VCD 2111 
245 0 0 |a Kursus Penilaian Harta Tanah Khas :   |b Konsensi Balak [  |h cakera video] :   |b 11 September 2012 
260 |a Kajang :   |b Institut Penilaian Negara ,   |c 2012 
300 |a 1 cakera video (1 jam 2 min) :   |b by., wrn. ;   |c 4 3/4 in. 
710 1 |a Institut Penilaian Negara 
999 |a VCD0002111   |b VIDEO CD   |c Media Collection   |e Default branch